000 00609nam a22002297a 4500
003 UA-OsUOA
001 81592
007 ta
008 20120203b un ||||| |||| 00| 0 ukr d
100 _aИоселиани О.
090 _a821.161.1
_bИ75
942 _cBK
040 _aUA-OsUOA
_brus
_cUA-OsUOA
_dUA-OsUOA
245 _aЗвездопад
_bроманы, рассказы
300 _a555 с.
955 _a3
041 _arus
080 _a821.161.1
260 _aМ.
_bИзвестия
_c1983
650 7 _a82 Література. Літературознавство
_2UDC
999 _c367909
_d367909